| 000 | 00382nam a2200145Ia 4500 | ||
|---|---|---|---|
| 008 | 240729s9999 xx 000 0 und d | ||
| 022 | _a2085-0441 | ||
| 245 | 0 | _aPCD Online Journal | |
| 260 | _aIndonesia | ||
| 260 | _bUniversitas Gadjah Mada | ||
| 650 | _aPolitical science | ||
| 856 | _uhttps://doaj.org/toc/d61f104aaff146988baf59538e58a7ee | ||
| 942 | _2ddc | ||
| 942 | _cDOAJEJ | ||
| 999 |
_c70564 _d70564 |
||
| 945 |
_a1 _bMadushi Gamage _c1 _dMadushi Gamage |
||